[Event "2015 Server Team Champ - Div 4, S54999"]
[Site "CCLA"]
[Date "2015.10.28"]
[Round "?"]
[White "Fritsch, Josiah"]
[Black "Hadley, Douglas R."]
[Result "0-1"]
[WhiteElo "1310"]
[BlackElo "1660"]
[Board "3"]
[WhiteTeam "Pennsylvania Duck Patrol"]
[BlackTeam "Norsemen"]

1. e4 e5 2. Bc4 Nf6 3. Nf3 Nc6 4. Ng5 Bc5 5. Nxf7 Bxf2+ 6. Kxf2 Nxe4+ 7. 
Ke3 Qh4 8. Qf3 Ng5 9. g3 Qd4+ 10. Ke2 Nxf3 11. c3 Qxc4+ 12. d3 Qxf7 13. 
Rf1 O-O 14. Rxf3 Qxf3+ 15. Ke1 Qf1+ 16. Kd2 Rf2+ 17. Ke3 Qe2# 0-1

[Event "2015 Server Team Champ - Div 4, S54999"]
[Site "CCLA"]
[Date "2015.10.28"]
[Round "?"]
[White "Latta, Richard W."]
[Black "Aravind, Vasudeva R."]
[Result "1-0"]
[WhiteElo "1441"]
[BlackElo "1195"]
[Board "5"]
[WhiteTeam "Pawntastics"]
[BlackTeam "Pennsylvania Pawn Pushers"]

1. Nf3 Nc6 2. e4 e5 3. Bc4 Nf6 4. Ng5 d5 5. Bxd5 Nxd5 6. Nxf7 Kxf7 7. exd5
Qxd5 8. Qh5+ g6 9. Qg5 Qe4+ 10. Qe3 Bf5 11. O-O Qxe3 12. fxe3 Kg7 13. d3 
Bd6 14. Nc3 Rhf8 15. e4 Be6 16. Bg5 Nd4 17. Rf2 Rxf2 18. Kxf2 Rf8+ 19. Kg1
1-0

[Event "Summer Series, S50311"]
[Site "CCLA"]
[Date "2015.07.25"]
[Round "?"]
[White "Catania, Duane"]
[Black "Blankenship, Jerry T."]
[Result "0-1"]
[WhiteElo "1642"]
[BlackElo "1527"]

1. e4 e5 2. Nf3 Nc6 3. Bc4 Nf6 4. Ng5 d5 5. exd5 Nxd5 6. Nxf7 Kxf7 7. Qf3+
Ke6 8. Nc3 Nb4 9. O-O c6 10. Bb3 Qf6 11. Qe2 Kd7 12. Ne4 Qf5 13. a3 Nf4 
14. Qe1 Nbd5 15. d3 Qg4 16. Bxf4 Nxf4 17. Ng3 Bd6 18. Qe4 h5 19. c4 Kc7 
20. Bd1 Qg5 21. b4 h4 22. c5 Be7 23. Ne2 Bf6 24. Nxf4 exf4 25. Rc1 Bf5 26.
 Qf3 Rae8 27. b5 h3 28. g3 Be6 29. bxc6 Bd5 30. Qxf4+ Qxf4 31. gxf4 Bxc6 
32. Bb3 Rh4 0-1

[Event "2015 NA Class B Ch Finals, S50189"]
[Site "CCLA"]
[Date "2015.04.27"]
[Round "?"]
[White "Catania, Duane"]
[Black "Disque, Philip"]
[Result "0-1"]
[WhiteElo "1684"]
[BlackElo "1603"]

1. e4 e5 2. Nf3 Nc6 3. Bc4 Nf6 4. Ng5 d5 5. exd5 b5 6. Bxb5 Qxd5 7. Bxc6+ 
Qxc6 8. Qf3 e4 9. Qb3 Qd5 10. Qxd5 Nxd5 11. Nxe4 f5 12. Ng3 Bd6 13. d3 h5 
14. a3 h4 15. Ne2 h3 16. g3 Kf7 17. Nbc3 Bb7 18. O-O Rae8 19. Bd2 Nxc3 20.
 Nxc3 a6 21. Rfe1 Bf3 22. Rxe8 Rxe8 23. Re1 Rxe1+ 24. Bxe1 g5 25. Nb1 Bd1 
26. c3 Bc2 27. Nd2 Bxd3 28. Nf3 Kg6 29. Bd2 f4 30. Nd4 c5 31. Nb3 Kf5 32. 
gxf4 gxf4 33. f3 Be2 34. Kf2 Bd1 35. Nc1 Be7 36. Ne2 Bxe2 37. Kxe2 c4 38. 
Kd1 Bc5 39. Ke1 Bg1 40. Kf1 Bxh2 41. Kf2 Ke5 42. Bc1 Kd5 43. Bd2 Kc5 44. 
Kf1 Kb5 45. Be1 Bg3 46. Bd2 Ka4 0-1

[Event "Premier Quad, S50029"]
[Site "CCLA"]
[Date "2015.02.02"]
[Round "?"]
[White "Sereni, Vincent T."]
[Black "Shannon, Paul D."]
[Result "1-0"]
[WhiteElo "2117"]
[BlackElo "1815"]

1. e4 e5 2. Nf3 Nc6 3. Bc4 Nf6 4. Ng5 d5 5. exd5 Na5 6. Bb5+ c6 7. dxc6 
bxc6 8. Bd3 Be7 9. Nc3 O-O 10. O-O h6 11. Nf3 Qc7 12. Re1 Bd6 13. a3 Bg4 
14. b4 Nb7 15. h3 Bh5 16. Bb2 Nd8 17. g4 Bg6 18. Bxg6 fxg6 19. d4 Nf7 20. 
Ne4 Nxe4 21. Rxe4 exd4 22. Qxd4 Nd8 23. Rae1 Rxf3 24. Re7 Rf7 25. Rxc7 
Bxc7 26. Re8+ Kh7 27. Qc4 1-0

[Event "Premier Quad, S50099"]
[Site "CCLA"]
[Date "2015.03.09"]
[Round "?"]
[White "Catania, Duane"]
[Black "Fausey, Verna M."]
[Result "0-1"]
[WhiteElo "1684"]
[BlackElo "1718"]

1. e4 e5 2. Nf3 Nc6 3. Bc4 Nf6 4. Ng5 d5 5. exd5 Na5 6. Bb5+ c6 7. dxc6 
bxc6 8. Ba4 h6 9. Nf3 e4 10. Qe2 Bd6 11. O-O O-O 12. Ne1 Bg4 13. f3 exf3 
14. Nxf3 Qc7 15. b4 Bxh2+ 16. Kh1 Nh5 17. Qd1 Ng3+ 18. Kxh2 Nxf1+ 19. Kg1 
Nh2 20. Kf2 Nxf3 21. gxf3 Qh2+ 22. Ke3 Rfe8+ 23. Kd3 Qe5 24. bxa5 Red8+ 
0-1

[Event "2015 NA Class A Ch Finals, S50179"]
[Site "CCLA"]
[Date "2015.04.27"]
[Round "?"]
[White "Vecchio, Ralph"]
[Black "Kleine, Larry"]
[Result "1-0"]
[WhiteElo "1849"]
[BlackElo "1767"]

1. e4 e5 2. Nf3 Nc6 3. Bc4 Nf6 4. Ng5 d5 5. exd5 Na5 6. Bb5+ c6 7. dxc6 
bxc6 8. Qf3 h6 9. Ne4 Nd5 10. Nbc3 cxb5 11. Nxd5 Be6 12. Ne3 Rc8 13. O-O 
Nc6 14. b3 Qd7 15. Bb2 Nd4 16. Bxd4 exd4 17. Nd1 Rxc2 18. Qg3 Qc7 19. Qd3 
Bd7 20. Re1 Be7 21. Ndc3 Rb2 22. Nd5 1-0

[Event "Pemier Quad, S50139"]
[Site "CCLA"]
[Date "2015.04.03"]
[Round "?"]
[White "Vecchio, Ralph"]
[Black "Stroup, Jim"]
[Result "0-1"]
[WhiteElo "1849"]
[BlackElo "2058"]

1. e4 e5 2. Nf3 Nc6 3. Bc4 Nf6 4. Ng5 d5 5. exd5 Na5 6. Bb5+ c6 7. dxc6 
bxc6 8. Qf3 Be7 9. Bd3 O-O 10. Nc3 h6 11. Nge4 Nd5 12. Nxd5 cxd5 13. Nc3 
Bb7 14. Bf5 d4 15. Ne4 g6 16. d3 gxf5 17. Bxh6 Qb6 18. Qg3+ Qg6 19. Bxf8 
Kxf8 20. Qxg6 fxg6 21. Nd2 Rc8 22. O-O-O Bxg2 23. Rhg1 Bd5 24. Rxg6 Bxa2 
25. Rdg1 Bd5 26. Kd1 Rb8 27. h4 Bxh4 28. Rh6 Bd8 29. Rh5 Be6 30. Rh8+ Ke7 
31. Ke2 Rxb2 32. Rg7+ Kf6 33. Rxa7 Nc6 34. Rh6+ Kg5 35. Rah7 Bd5 36. Nf3+ 
Bxf3+ 37. Kxf3 e4+ 38. Kg3 Rxc2 39. Rh5+ Kf6 40. Rh2 exd3 41. f4 Ne7 42. 
R7h6+ Ng6 43. Rh1 d2 44. Rd1 Bc7 45. Kf3 Kg7 46. Rh5 Bxf4 47. Rxf5 Rc3+ 
48. Kg4 Rc1 49. Rxf4 Rxd1 0-1

[Event "2015 REGULAR QUAD, S50419"]
[Site "CCLA"]
[Date "2015.10.24"]
[Round "?"]
[White "Bearce, Harold L."]
[Black "Bennett, Thomas"]
[Result "0-1"]
[WhiteElo "1111"]
[BlackElo "1507"]

1. e4 e5 2. Nf3 Nc6 3. Bc4 Nf6 4. Ng5 d5 5. exd5 Na5 6. Bb5+ c6 7. dxc6 
bxc6 8. Be2 Nd5 9. Nf3 Bd6 10. d3 c5 11. Bd2 Rb8 12. b3 Nc6 13. Nc3 Nc7 
14. O-O O-O 15. Nb1 Nb5 16. Nc3 Nbd4 17. Re1 Be6 18. Nb1 h6 19. Bc3 f5 20.
 Nbd2 Qf6 21. Kh1 Rb7 22. Bf1 g5 23. h3 Bd5 24. Re2 Nxe2 25. Bxe2 Nd4 26. 
Rc1 Kh7 27. Bb2 Rg7 28. Ba3 g4 29. Nxd4 exd4 30. c3 gxh3 0-1

[Event "2015 NA Class A Ch Finals, S50179"]
[Site "CCLA"]
[Date "2015.04.27"]
[Round "?"]
[White "Clancey, James"]
[Black "Kleine, Larry"]
[Result "1-0"]
[WhiteElo "2019"]
[BlackElo "1767"]

1. e4 e5 2. Nf3 Nc6 3. Bc4 Nf6 4. Ng5 d5 5. exd5 Na5 6. Bb5+ c6 7. dxc6 
bxc6 8. Be2 h6 9. Nh3 g5 10. d4 exd4 11. c3 dxc3 12. Qxd8+ Kxd8 13. Nxc3 
Be6 14. f4 g4 15. Nf2 Bd6 16. O-O h5 17. f5 Bd7 18. Bg5 Be7 19. b4 Nb7 20.
 Rad1 Kc7 21. Bf4+ Bd6 22. Rxd6 Nxd6 23. Nfe4 Nxe4 24. Nxe4 1-0

[Event "2015 REGULAR QUAD, S50279"]
[Site "CCLA"]
[Date "2015.07.03"]
[Round "?"]
[White "Haase, F. Philip"]
[Black "Rasmussen, Bruce A."]
[Result "1-0"]
[WhiteElo "1813"]
[BlackElo "1373"]

1. e4 e5 2. Nf3 Nc6 3. Bb5 Bd6 4. O-O Nf6 5. d4 Nxe4 6. dxe5 Nxe5 7. Re1 
f5 8. Nxe5 Bxe5 9. Rxe4 Qe7 10. Re1 Qc5 11. Bf4 O-O 12. Rxe5 Qb4 13. c3 
Qxb2 14. Qd5+ Kh8 15. Qf7 1-0

[Event "2015 Server Team Champ - Div 4, S54999"]
[Site "CCLA"]
[Date "2015.10.28"]
[Round "?"]
[White "Fullen, Peter J."]
[Black "Shaffer, Aaron"]
[Result "0-1"]
[WhiteElo "1359"]
[BlackElo "1151"]
[Board "6"]
[WhiteTeam "Norsemen"]
[BlackTeam "Pennsylvania Duck Patrol"]

1. e4 e5 2. Nf3 Nc6 3. Bb5 Bd6 4. O-O Nf6 5. d3 a6 6. Ba4 b5 7. Bb3 O-O 8.
 c3 Bc5 9. Bg5 h6 10. Bxf6 Qxf6 11. Re1 d6 12. Nbd2 a5 13. Bd5 Bb7 14. d4 
Bb6 15. dxe5 dxe5 16. c4 bxc4 17. Nxc4 Rad8 0-1

[Event "2015 Server Team Ch - Div 2"]
[Site "CCLA"]
[Date "2015.10.30"]
[Round "?"]
[White "Avery, Bryce"]
[Black "Lewis, James W."]
[Result "0-1"]
[WhiteElo "1751"]
[BlackElo "2114"]
[Board "3"]
[WhiteTeam "Big Red Fuzzy"]
[BlackTeam "Chairmen of the Board"]

1. e4 e5 2. Nf3 Nc6 3. Bb5 Nge7 4. Nc3 d6 5. d4 exd4 6. Nxd4 Bd7 7. Bg5 
Nxd4 8. Qxd4 Bxb5 9. Nxb5 f6 10. Be3 a6 11. Nc3 c5 12. Qd3 Nc6 13. O-O Ne5
14. Qd5 Qd7 15. h3 O-O-O 16. f4 Nc6 17. a3 Ne7 18. Qc4 b5 19. Qd3 f5 20. 
Nd5 Nxd5 21. Qxd5 fxe4 22. Qa8+ Kc7 23. Qa7+ Kc6 24. Qxa6+ Kd5 25. Rad1+ 
Ke6 26. f5+ Kf7 27. Bxc5 Be7 28. f6 gxf6 29. Bb4 Rhg8 30. Kh1 Rg3 31. Qb6 
Rdg8 32. Bxd6 Rxg2 33. Bh2 Qxh3 0-1

[Event "2015 NA Class D Ch - Rd 1 Sect 2, S50121"]
[Site "CCLA"]
[Date "2015.04.27"]
[Round "?"]
[White "Anderson, Lawrence D."]
[Black "Gunning, Edward E."]
[Result "0-1"]
[WhiteElo "1435"]
[BlackElo "1443"]

1. e4 e5 2. Nf3 Nc6 3. Bb5 Nge7 4. O-O a6 5. Ba4 g6 6. c3 Bg7 7. d4 O-O 8.
 d5 Na5 9. Qe2 d6 10. Bg5 f6 11. Bh4 b5 12. Bc2 Nc4 13. b3 Nb2 14. Nbd2 
Bd7 15. Rab1 Qc8 16. Rxb2 g5 17. Bg3 h5 18. h3 g4 19. Nh4 Kf7 20. Bd1 Rh8 
21. f3 gxh3 22. Bh2 Qg8 0-1

[Event "Winter Series, S50061"]
[Site "CCLA"]
[Date "2015.01.28"]
[Round "?"]
[White "Anderson, Lawrence D."]
[Black "Gunning, Edward E."]
[Result "0-1"]
[WhiteElo "1435"]
[BlackElo "1439"]

1. e4 e5 2. Nf3 Nc6 3. Bb5 Nge7 4. O-O d6 5. d4 Bd7 6. Nc3 g6 7. Bg5 a6 8.
 Ba4 Bg7 9. Nd5 b5 10. Nxe7 Nxe7 11. Bb3 O-O 12. dxe5 dxe5 13. Bxe7 Qxe7 
14. Qe2 Bc6 15. Rad1 Kh8 16. Rd2 f5 17. Bd5 Bxd5 18. exd5 e4 19. Nd4 Qh4 
20. f4 Bxd4+ 21. Rxd4 Rf6 22. g3 Qh3 23. Qg2 Qg4 24. h3 Qh5 25. Re1 Re8 
26. Re3 Rd6 27. g4 Qh4 28. Qe2 g5 29. fxg5 Qxg5 30. Kh2 c6 31. Rd2 cxd5 
32. Rg3 Rg8 33. Qg2 f4 34. Rc3 f3 0-1

[Event "2015 Server Team Champ - Div 4, S54999"]
[Site "CCLA"]
[Date "2015.10.28"]
[Round "?"]
[White "Fullen, Peter J."]
[Black "Benson, Katie J."]
[Result "0-1"]
[WhiteElo "1359"]
[BlackElo "1199"]
[Board "6"]
[WhiteTeam "Norsemen"]
[BlackTeam "Pennsylvania Pawn Pushers"]

1. e4 e5 2. Nf3 Nc6 3. Bb5 Nge7 4. O-O a6 5. Ba4 b5 6. Bb3 h6 7. d3 d5 8. 
Nc3 dxe4 9. dxe4 Bg4 10. Be3 g5 11. h3 Bh5 12. Nd5 Bg7 13. Bc5 Nxd5 14. 
Bxd5 Qd7 15. Qd3 f6 16. Rfd1 O-O-O 17. Qb3 Qe8 0-1

[Event "2015 REGULAR QUAD, S50109"]
[Site "CCLA"]
[Date "2015.03.13"]
[Round "?"]
[White "Luna, Joseph"]
[Black "Gunning, Edward E."]
[Result "0-1"]
[WhiteElo "1510"]
[BlackElo "1439"]

1. e4 e5 2. Nf3 Nc6 3. Bb5 Nge7 4. O-O d5 5. exd5 Qxd5 6. Nc3 Qd6 7. d4 a6
8. Bxc6+ Nxc6 9. Re1 Bg4 10. d5 Bxf3 0-1

[Event "2015 Server Team Champ - Div 4, S54999"]
[Site "CCLA"]
[Date "2015.10.28"]
[Round "?"]
[White "Hadley, Douglas R."]
[Black "Fritsch, Josiah"]
[Result "1-0"]
[WhiteElo "1660"]
[BlackElo "1310"]
[Board "3"]
[WhiteTeam "Norsemen"]
[BlackTeam "Pennsylvania Duck Patrol"]

1. e4 Nc6 2. Nf3 e5 3. Bb5 Nd4 4. Nxd4 exd4 5. O-O b6 6. d3 c6 7. Bc4 b5 
8. Bb3 Bd6 9. Qf3 Nf6 10. Re1 Bb7 11. e5 Bb4 12. c3 Nd5 13. Bxd5 cxd5 14. 
cxb4 O-O 15. Qg4 Re8 16. Bh6 g6 17. Qxd4 f6 18. Nc3 fxe5 19. Rxe5 Rxe5 20.
 Qxe5 Qf8 21. Bxf8 Rxf8 22. Nxd5 d6 23. Qxd6 h5 24. Qxg6+ Kh8 25. Nf6 Rxf6
26. Qxf6+ Kg8 27. Qd8+ Kf7 28. Qd7+ Kf8 29. Re1 Bc6 30. Re8# 1-0

[Event "2015 NA Class A Ch Finals, S50179"]
[Site "CCLA"]
[Date "2015.04.27"]
[Round "?"]
[White "Stroup, Jim"]
[Black "Smail, John"]
[Result "1-0"]
[WhiteElo "2058"]
[BlackElo "1720"]

1. e4 e5 2. Nf3 Nc6 3. Bb5 Nd4 4. Nxd4 exd4 5. O-O c6 6. Bc4 Nf6 7. Re1 d6
8. c3 Ng4 9. h3 Ne5 10. d3 Nxc4 11. dxc4 dxc3 12. Nxc3 Be6 13. Qa4 Be7 14.
 Bf4 g5 15. Bg3 a6 16. Rad1 b5 17. Qa3 Qb8 18. c5 b4 19. Qa4 bxc3 20. cxd6
Qb5 21. Qd4 O-O-O 22. Qxc3 1-0

[Event "2015 Server Team Ch - Div 1, S51999"]
[Site "CCLA"]
[Date "2015.10.30"]
[Round "?"]
[White "Parente, Antonio"]
[Black "Ruthen, Stephen W."]
[Result "1/2-1/2"]
[WhiteElo "2081"]
[BlackElo "2083"]
[Board "5"]
[WhiteTeam "SchemingMind B"]
[BlackTeam "BCCA Kings"]

1. e4 e5 2. Nf3 Nc6 3. Bb5 Nd4 4. Nxd4 exd4 5. O-O Bc5 6. Qg4 Qf6 7. d3 c6
8. Qh5 d6 9. Bc4 g6 10. Qe2 Be6 11. Nd2 Ne7 12. Bxe6 Qxe6 13. Nb3 Bb6 14. 
Bh6 Rg8 15. a4 a6 16. a5 Ba7 17. Rae1 O-O-O 18. h4 f6 19. Nd2 g5 20. hxg5 
fxg5 21. Qh5 Qg6 22. Qh3+ g4 23. Qh2 d5 24. Bf4 h5 25. exd5 Nxd5 26. Nc4 
Bc5 27. Be5 Rge8 28. Qh4 Re6 29. Bh2 Rxe1 30. Rxe1 Re8 31. Rxe8+ Qxe8 32. 
Kf1 Qf7 33. Qg5 Ne3+ 34. Nxe3 dxe3 35. Bf4 exf2 36. Qe5 Kd7 37. Qb8 Ke6 
38. b4 Bf8 39. Qe5+ 1/2-1/2

[Event "2015 Server Team Ch - Div 2"]
[Site "CCLA"]
[Date "2015.10.30"]
[Round "?"]
[White "Lewis, James W."]
[Black "Avery, Bryce"]
[Result "1-0"]
[WhiteElo "2114"]
[BlackElo "1751"]
[Board "3"]
[WhiteTeam "Chairmen of the Board"]
[BlackTeam "Big Red Fuzzy"]

1. e4 e5 2. Nf3 Nc6 3. Bb5 Nd4 4. Nxd4 exd4 5. O-O Bc5 6. Qg4 Qf6 7. d3 c6
8. Qh5 Bb6 9. Bc4 Ne7 10. a4 O-O 11. Bg5 Qg6 12. Qh4 d5 13. Bxe7 dxc4 14. 
Bxf8 Kxf8 15. f4 h6 16. Nd2 cxd3 17. cxd3 Bc7 18. Nf3 c5 19. Rac1 Bd7 20. 
Rxc5 Bd8 21. Qf2 Bxa4 22. Rfc1 Bd7 23. Ne5 Qe6 24. Qxd4 Be8 25. f5 Qe7 26.
 Nc4 b5 27. Re5 Qg5 28. Qc5+ Be7 29. Nd6 Rd8 30. Rd5 Kg8 31. Rc2 1-0

[Event "2015 NA Class D Ch - Rd 1 Sect 2, S50121"]
[Site "CCLA"]
[Date "2015.04.27"]
[Round "?"]
[White "Anderson, Lawrence D."]
[Black "Latta, David A."]
[Result "0-1"]
[WhiteElo "1435"]
[BlackElo "1276"]

1. e4 e5 2. Nf3 Nc6 3. Bb5 Bc5 4. O-O Nd4 5. Nxd4 exd4 6. d3 c6 7. Ba4 b5 
8. Bb3 Qf6 9. Qe2 Bd6 10. c3 c5 11. Bd2 Qh4 12. g3 Qh3 13. f4 Nf6 14. Qf3 
h5 15. Be1 Ba6 16. Nd2 c4 17. dxc4 bxc4 18. Ba4 dxc3 19. bxc3 O-O 20. Qg2 
Qxg2+ 21. Kxg2 Rfe8 22. Bf2 Ng4 23. Bxd7 Re7 24. Bxg4 Rb8 0-1

[Event "2015 NA Server Ch (CCLA Rules), S50169"]
[Site "CCLA"]
[Date "2015.04.27"]
[Round "?"]
[White "Lewis, James W."]
[Black "Belanoff, Stuart"]
[Result "0-1"]
[WhiteElo "1993"]
[BlackElo "2264"]

1. e4 e5 2. Nf3 Nc6 3. Bb5 f5 4. d4 fxe4 5. Nxe5 Nxe5 6. dxe5 c6 7. Nc3 
cxb5 8. Nxe4 d5 9. exd6 Nf6 10. Qd4 Qd7 11. O-O Nxe4 12. Re1 Qxd6 13. 
Qxe4+ Kf7 14. Qe8+ Kg8 15. Qxb5 h6 16. a4 Kh7 17. Qe8 Qf6 18. Be3 Bd6 19. 
Qe4+ Bf5 20. Qxb7 Bxc2 21. Bxa7 Rhe8 22. a5 Rxe1+ 23. Rxe1 Qf4 24. g3 Qd2 
25. Re3 Rf8 26. Qg2 Qxa5 27. Bd4 Qa1+ 28. Qf1 Qa4 29. Rc3 Bf5 30. Rc4 Qa8 
31. Rc1 Qe4 32. Be3 Rb8 33. Re1 Qd5 34. Qe2 Bd3 35. Rd1 Rb3 36. Qg4 Be5 
37. Qf5+ g6 38. Qh3 Bg7 39. g4 Qb5 40. Rc1 Qd7 41. Rd1 Rb4 42. f4 Qb5 43. 
Rd2 Bxb2 44. f5 Bg7 45. fxg6+ Bxg6 46. Kf2 Rb1 47. Rd6 Qb2+ 48. Bd2 Qb8 
49. Bxh6 Bxh6 0-1

[Event "2015 NA Server Ch (CCLA Rules), S50169"]
[Site "CCLA"]
[Date "2015.04.27"]
[Round "?"]
[White "Edwards, K. E. D. G."]
[Black "Belanoff, Stuart"]
[Result "0-1"]
[WhiteElo "2273"]
[BlackElo "2264"]

1. e4 e5 2. Nf3 Nc6 3. Bb5 f5 4. d3 fxe4 5. dxe4 Nf6 6. O-O Bc5 7. Qd3 Nd4
8. Nxd4 Bxd4 9. c3 Bb6 10. Bc4 d6 11. a4 a5 12. Bg5 h6 13. Be3 Bxe3 14. 
Qxe3 Nh5 15. Na3 Qg5 16. Qxg5 hxg5 17. f3 Nf4 18. b3 g4 19. Nb5 Kd8 20. 
fxg4 Bxg4 21. h4 Bd7 22. g3 Nh5 23. Kg2 Nf6 24. Rae1 Bg4 25. Rh1 Kd7 26. 
Na3 Raf8 27. Bd3 b6 28. b4 Be6 29. bxa5 bxa5 30. Nc4 Ra8 31. Nd2 Ke7 32. 
Rb1 Nd7 33. Bb5 Nc5 34. Kf3 Rh6 35. Ke3 Bd7 36. Ra1 Rg6 37. Rhg1 Rf8 38. 
Ra2 Bxb5 39. axb5 a4 40. Raa1 Rg4 41. Rae1 Kd7 42. Rb1 Ra8 43. Ra1 Rb8 44.
 Rab1 Rf8 45. Rb4 Ra8 46. Rb2 Ke6 47. Kf3 Rg6 48. Ke3 Rf8 49. Rbb1 Rg4 50.
 Rb4 Ke7 51. Rb2 Rf6 52. Rg2 Ke6 53. b6 cxb6 54. Rxb6 Rf8 55. Rb4 Ra8 56. 
Rb2 a3 57. Ra2 Ra4 58. c4 Rg6 59. g4 Rf6 60. Rg3 Rf4 61. h5 Ra8 62. Rg1 g5
63. Rg3 Ra7 64. h6 Kf6 65. Ke2 Rh7 66. Rh3 Rxg4 67. Ke3 Rh4 68. Rxh4 gxh4 
69. Rxa3 Rxh6 70. Ra1 h3 71. Rh1 Rh4 72. Rf1+ Kg6 73. Rg1+ Kh6 74. Rg8 Kh7
75. Rg1 h2 76. Rh1 Kg6 77. Kf3 Kg5 78. Nf1 Rf4+ 79. Kg2 Nxe4 80. Rxh2 Rf2+
81. Kg1 Rxh2 82. Kxh2 Kg4 83. Ne3+ Kf3 84. Nf5 Ke2 85. Kh3 Kd3 86. Kg4 
Kxc4 87. Nh6 Kc5 88. Kf5 Nc3 89. Ke6 e4 90. Nf5 d5 91. Ke5 Kc4 92. Kf4 d4 
93. Ng3 e3 94. Kf3 Nd5 95. Nf1 Kc3 96. Ke2 d3+ 97. Ke1 Kc2 0-1

[Event "Summer Series, S50301"]
[Site "CCLA"]
[Date "2015.07.25"]
[Round "?"]
[White "Stevens, Daniel L."]
[Black "Evans, Stanley W."]
[Result "1/2-1/2"]
[WhiteElo "1779"]
[BlackElo "1834"]

1. e4 e5 2. Nf3 Nc6 3. Bb5 f5 4. d3 fxe4 5. dxe4 Nf6 6. O-O Bc5 7. Bxc6 
bxc6 8. Nxe5 O-O 9. Nc3 d6 10. Na4 Nxe4 11. Nxc5 Nxc5 12. Be3 Qe8 13. Bxc5
Qxe5 14. Bd4 Qf5 15. Re1 c5 16. Be3 Bb7 17. c3 Rae8 18. f3 Bc6 1/2-1/2

[Event "Summer Series, S50301"]
[Site "CCLA"]
[Date "2015.07.25"]
[Round "?"]
[White "Stevens, Daniel L."]
[Black "Anderson, Clarence"]
[Result "1-0"]
[WhiteElo "1779"]
[BlackElo "1717"]

1. e4 e5 2. Nf3 Nc6 3. Bb5 f5 4. d3 fxe4 5. dxe4 Nf6 6. O-O Bc5 7. Bxc6 
bxc6 8. Nxe5 O-O 9. Nc3 Ba6 10. Nd3 Bd4 11. e5 Bxd3 12. Qxd3 Bxe5 13. f4 
Bd6 14. a3 Nh5 15. g3 Bc5+ 16. Kh1 d5 17. b4 Bd6 18. Nxd5 Nxg3+ 19. hxg3 
cxd5 20. Qxd5+ Kh8 21. Bb2 Qd7 22. Kg2 Rab8 23. c4 Rf5 24. Qf3 Rbf8 25. 
Rad1 Qf7 26. Rd5 Rxd5 27. Qxd5 Qxd5+ 28. cxd5 Re8 29. Be5 Kg8 30. Re1 Kf7 
31. Kf2 Kg6 32. g4 Rf8 33. Bxd6 cxd6 34. Re6+ Rf6 35. Rxf6+ Kxf6 36. b5 g5
37. Kf3 1-0

[Event "2015 NA Server Ch (CCLA Rules), S50169"]
[Site "CCLA"]
[Date "2015.04.27"]
[Round "?"]
[White "Quirk, Michael"]
[Black "Belanoff, Stuart"]
[Result "1/2-1/2"]
[WhiteElo "2130"]
[BlackElo "2264"]

1. e4 e5 2. Nf3 Nc6 3. Bb5 f5 4. Nc3 fxe4 5. Nxe4 Nf6 6. Nxf6+ Qxf6 7. Qe2
Be7 8. Bxc6 dxc6 9. Nxe5 Bf5 10. O-O O-O 11. d4 Bd6 12. c3 Be6 13. f4 Bxe5
14. fxe5 Qxf1+ 15. Qxf1 Rxf1+ 16. Kxf1 Rf8+ 17. Kg1 c5 18. Be3 cxd4 19. 
cxd4 Bd5 20. a4 Rd8 21. b4 Kf7 22. Rf1+ Ke6 23. h4 Rd7 1/2-1/2

[Event "2015 Server Team Ch - Div 2"]
[Site "CCLA"]
[Date "2015.10.30"]
[Round "?"]
[White "Marconi, Ralph P."]
[Black "Clancey, James"]
[Result "0-1"]
[WhiteElo "1964"]
[BlackElo "1858"]
[Board "4"]
[WhiteTeam "Chairmen of the Board"]
[BlackTeam "Queen & Knights"]

1. e4 e5 2. Nf3 Nc6 3. Bb5 f5 4. Nc3 fxe4 5. Nxe4 d5 6. Nxe5 dxe4 7. Nxc6 
Qg5 8. Qe2 Nf6 9. f4 Qxf4 10. Nxa7+ Bd7 11. Bxd7+ Kxd7 12. Qb5+ Ke6 13. 
Qb3+ Kd7 14. g3 Qe5 15. Qxb7 Bc5 16. Qc6+ Ke7 17. Nb5 Rhb8 18. c4 Rxb5 19.
 cxb5 Rd8 20. b4 Bd4 21. Rb1 e3 22. dxe3 Bc3+ 23. Ke2 Qh5+ 24. Kf2 Qf5+ 
25. Kg2 Qc2+ 26. Kh3 Rd5 27. Qxc7+ Nd7 28. g4 h5 29. Rb2 hxg4+ 30. Kg3 Qe4
31. Qf4 Be5 32. Rf1 Rd3 33. b6 g5 34. Qxe5+ Nxe5 35. Rbf2 Rd6 36. Rf5 Rh6 
37. h4 gxh4+ 38. Kh2 Nf3+ 39. R1xf3 gxf3 40. Rg5 Rg6 41. b7 Rxg5 42. b8=Q 
Qc2+ 0-1

[Event "2015 Server Team Champ - Div 4, S54999"]
[Site "CCLA"]
[Date "2015.10.28"]
[Round "?"]
[White "Rodman, Joseph"]
[Black "Fisher Jr., Arthur"]
[Result "1-0"]
[WhiteElo "1720"]
[BlackElo "1691"]
[Board "1"]
[WhiteTeam "Pawntastics"]
[BlackTeam "Norsemen"]

1. e4 e5 2. Nf3 Nc6 3. Bb5 Bc5 4. O-O Nge7 5. c3 d5 6. d4 exd4 7. cxd4 Bb6
8. exd5 Nxd5 9. Ne5 Qf6 10. Nc3 Nxc3 11. bxc3 O-O 12. Nxc6 bxc6 13. Bd3 
Bf5 14. Be3 Bxd3 15. Qxd3 Rad8 16. Rad1 Qe6 17. Rd2 Rd6 18. Bf4 Rd5 19. 
Re2 Qf5 20. Qg3 c5 21. c4 Rxd4 22. Be5 Rg4 23. Qc3 Qg6 24. f3 Rh4 25. g3 
Rd4 26. Kg2 Rd3 27. Qc2 Re3 28. Bf4 Qxc2 29. Rxc2 Re6 30. Rd2 Rfe8 31. Kf2
f6 32. g4 g5 33. Bg3 Kf7 34. h4 R8e7 35. hxg5 fxg5 36. Rfd1 Ba5 37. Rc2 
Be1+ 38. Kg2 Bxg3 39. Kxg3 Rd6 40. Rd5 h6 41. Rxc5 Ra6 42. Rd5 Re3 43. 
Rd7+ Re7 44. Rd3 Re5 45. Rd5 Ke6 46. Rh2 Rxd5 47. Rxh6+ Ke5 48. Rxa6 Rc5 
49. Rxa7 Rxc4 50. Ra8 Rc1 51. a4 c5 52. a5 c4 53. a6 Ra1 54. a7 c3 55. 
Re8+ Kd4 56. a8=Q Rxa8 57. Rxa8 c2 58. Rc8 Kd3 59. f4 gxf4+ 60. Kxf4 Kd2 
61. g5 c1=Q 62. Rxc1 Kxc1 63. g6 1-0

[Event "2015 NA Server Ch (CCLA Rules), S50169"]
[Site "CCLA"]
[Date "2015.04.27"]
[Round "?"]
[White "Edwards, K. E. D. G."]
[Black "Quirk, Michael"]
[Result "1-0"]
[WhiteElo "2273"]
[BlackElo "2130"]

1. e4 e5 2. Nf3 Nc6 3. Bb5 Nf6 4. Qe2 Bc5 5. c3 O-O 6. d3 Re8 7. O-O h6 8.
 Nbd2 a6 9. Bxc6 dxc6 10. Nc4 Bd6 11. Be3 b5 12. Na5 c5 13. h3 Nh5 14. 
Rfe1 Qf6 15. a3 Nf4 16. Bxf4 Qxf4 17. b4 cxb4 18. axb4 c5 19. bxc5 Bxc5 
20. Nc6 Bf8 21. Nb4 Bb7 22. Nd5 Bxd5 23. exd5 Bd6 24. Qc2 Rec8 25. Rab1 f6
26. Re4 Qf5 27. c4 Rab8 28. Ra1 Rb6 29. Rb1 a5 30. Qa2 Bb4 31. Nd2 Bc5 32.
 Nb3 bxc4 33. Nxc5 Rxb1+ 34. Qxb1 Rxc5 35. g4 Qd7 36. dxc4 Rc8 37. Qa2 Qa7
38. d6 Kh8 39. Re2 a4 40. Rd2 Qa5 41. Rd5 Qa6 42. c5 Qb5 43. Qa3 Qb1+ 44. 
Kh2 Qb5 45. Rd2 Rb8 46. Qc1 Qc6 47. Qc4 a3 48. Qc3 Ra8 49. Ra2 Qd5 50. 
Rxa3 Rc8 51. Qe3 Rb8 52. Rd3 Qc6 53. Rd2 Ra8 54. Qc3 Rc8 55. Qc4 Qd7 56. 
c6 Rxc6 57. Qxc6 Qxc6 58. d7 Kh7 59. d8=Q 1-0

[Event "2015 REGULAR QUAD, S50259"]
[Site "CCLA"]
[Date "2015.06.10"]
[Round "?"]
[White "Williams, Rufus H."]
[Black "Martindale, Roger"]
[Result "1-0"]
[WhiteElo "1326"]
[BlackElo "1174"]

1. e4 e5 2. Nf3 Nc6 3. Bb5 Nf6 4. d3 h6 5. O-O Bc5 6. Re1 Ng4 7. Be3 Nxe3 
8. fxe3 O-O 9. Nc3 Ne7 10. a3 a6 11. Bc4 b5 12. Bb3 Ng6 13. h3 c6 14. Kh1 
Qb6 15. d4 exd4 16. exd4 Be7 17. Qd2 d6 18. e5 d5 19. Nd1 Be6 20. c3 Nh4 
21. Nxh4 Bxh4 22. Rf1 Bg5 23. Qd3 a5 24. Bc2 g6 25. Rf3 a4 26. Nf2 Bf5 27.
 Rxf5 Ra7 28. Rxg5 hxg5 29. Ng4 c5 30. Nf6+ Kh8 31. Qg3 Qe6 32. Qxg5 Kg7 
33. Nh5+ Kg8 34. Rf1 Qe7 35. Qh6 f5 36. Qxg6+ Kh8 37. Bxf5 Qe8 38. Qh6+ 
Kg8 39. Nf6+ Rxf6 40. Qxf6 Re7 41. Qg5+ Rg7 42. Qh6 Qe7 43. Be6+ 1-0